เปลี่ยนเป็นภาษาไทย

Change to English
 แสดงรายละเอียดบรรณานุกรม
  กลับหน้าหลัก

Brief Record : Get Marc (ISO 2709) : E-mail record : QR code < ปิดหน้าต่าง
mysqli: Table './ulib62015/stat_globaluid' is marked as crashed and should be repaired
select id from stat_globaluid where statuid='20260517154927_3541' 
mysqli: Table './ulib62015/stat_globaluid' is marked as crashed and should be repaired
DELETE FROM stat_globaluid
			WHERE id NOT IN (
			  SELECT id
			  FROM (
				SELECT id
				FROM stat_globaluid
				ORDER BY id DESC
				LIMIT 100
			  ) foo
			); 
mysqli: Table './ulib62015/stat_globaluid' is marked as crashed and should be repaired
insert into stat_globaluid set
		statuid='20260517154927_3541',
		dt='1779007767',
		phpself='/ULIB62015/dublinfull.php',
		agent='Mozilla/5.0 AppleWebKit/537.36 (KHTML, like Gecko; compatible; ClaudeBot/1.0; +claudebot@anthropic.com)',
		yea='2026',
		mon='5',
		dat='17',
		ip='216.73.216.45'
		
		
mysqli: Table './ulib62015/stathist_viewbib_bib_type' is marked as crashed and should be repaired
insert into stathist_viewbib_bib_type set 
		dat='17' ,
		 mon='05' ,
		  yea='2026' ,
			 statuid='20260517154927_3541' ,
			 head='13399122892' ,
			 foot='marc' ,
			 dt='1779007767' 
		
LEADER : 00000nam 2200000uu 4500
001    13399122892
003     ULIB
008    201125s2017||||th 000 0 tha d
020    ^a9786164071797
060 04 ^aWT104^bN382k 2017
100 1  ^aNeeser, Karl J.
245 00 ^aThe key to health and longevity :^bthe most effective lifestyle measures /^cKarl J. Neeser and Ratana Somrongthong
250    ^a2nd edition.
260    ^aBangkok :^bChulalongkorn University,^c2017.
300    ^axiv, 222 p. :^bcol. ill. ;^c22 cm.
650  2 ^aLife Expectancy
650  2 ^aAging
650  2 ^aLongevity
650  0 ^aOlder people^xHealth and hygiene
700 0  ^aRatana Somrongthong
710 2  ^aChulalongkorn University.^bCollege of Public Health Sciences.
945    ^p0^l0^i028668
999    ^a57066
รายการนี้ยังไม่มีแท็ก
คุณยังไม่ได้ล็อกอิน คุณสามารถมีกิจกรรมร่วมกับเว็บไซต์ได้ แต่ต้องล็อกอินก่อน ::
  ล็อกอิน
  One Stop Service : ศูนย์ให้บริการแบบเบ็ดเสร็จ   จัดการหนังสือโปรด   แจ้งรายการบรรณานุกรมผิดพลาด
ลำดับที่ ประเภท เลขเรียก/บาร์โค้ด สถานที่ สถานะ
1. หนังสือ
หนังสือ
WT104 N382k 2017  
  Barcode: 028668
หนังสือทั่วไป บนชั้น
  ขอยืม
Note:อภินันทนาการโดย

รายการใกล้เคียง
    หัวเรื่อง [Aging]

BibComment


ยังไม่เคยถูกคอมเมนท์

คอมเมนท์ทรัพยากรรายการนี้
  คอมเมนท์: The key to healt..
Bib 13399122892

 
 
 

 Union Library Management : ULibM
Copyright 2026. All Rights Reserved.